000 01038nam a2200229 a 4500
001 000041502
005 20201002034940.0
008 131008s1998 sp ab 000 0 spa d
020 _a8400077598
040 _aDO-SdBNP
_bspa
_cBNPHU
082 _axxx
_bC972i
100 1 _aCunchillos, Jesús-Luis
_915333
245 1 0 _aIntroducción a la lectura crítica de documentos antiguos :
_btextos semíticos noroccidentales del ll y l milenio a C. /
_cJesús-Luis Cunchillos, Juan-Pablo Vita.
260 _aMadrid :
_bConsejo Superior de Investigaciones Científicas,
_c1998.
300 _a152 p. :
_bil., mapas ;
_c24 cm.
490 1 _aBanco de datos filológicos semíticos noroccidentales
_amonografías
_v4
500 _aIncluye referencias bibliográficas y notas al pie de las páginas.
504 _aBibliografía: p. 148-150
700 1 2 _aVita, Juan-Pablo
_967852
710 2 _aConsejo Superior de Investigaciones Científicas (España)
_915178
830 0 _aBanco de datos filológicos semíticos noroccidentales
_pmonografías
_n4
_968206
999 _c40992
_d40992